000 00602nam a2200181Ia 4500
008 151202s9999||||xx |||||||||||||| ||und||
082 _bPNVM-62126
100 _aऔरंगाबादकर अनुरााा.
245 _aबहर.
260 _b"महाराष्ट्र राज्य सा. स. मंडळ ,मुंबई."
260 _c62126
300 _a114
600 _aऔरंगाबादकर अनुरााा.
630 _aबहर.
700 _aऔरंगाबादकर अनुरााा.
730 _aबहर.
942 _cBOOK
999 _c1328660
_d1328657